000 00363nam a2200133Ia 4500
008 151001s9999||||xx |||||||||||||| ||und||
100 _aवा शि आपटे
245 _aनाट्य व्यवहार
250 _a1
260 _bश्रीराम बुक एजन्सी
260 _c1989
300 _a144
365 _b21
999 _c969642
_d969639